000 00222nam a22000857a 4500
008 170130b xxu||||| |||| 00| 0 eng d
100 _92651
_aJharna.De.etal.
245 _aMath Sight Book-6
260 _aNew Delhi
_bBritannica
_c2011
999 _c5802
_d5802